00750 a2200289 4500650001100000260001000011630011500021650003100136100002000167700001700187260001100204245004300215300001100258650002100269650001100290650002100301260000900322300001000331100000700341440004200348037001000390037000900400037001000409037000900419020001800428440001400446 aEspace aParis a91 - Geographie. Exploration de la terre, des diverses regions, des divers pays. Voyages. Geographie regionale a9 - GEOGRAPHIE ET HISTOIRE aCicéri, M.-F. aMarchand, B. bMasson aIntroduction à l'analyse de l'espace a173 p. aAnalyse spaciale aEspace aGéostatistique c1977 b24 cm lFr aCollection de géographie applicable aL4744 a4745 aL4748 a4742 a2-225-47036-7 x0338-2648